000 01079nam a2200277 i 4500
001 bg
100 1 _aPANG, Tao
_d(1959- )
245 1 0 _aMetody obliczeniowe w fizyce :
_bfizyka i komputery /
_cTao Pang ; z jęz. ang. przeł. Mirosław Łukaszewski, Arkadiusz Orłowski, Maciej Pindor.
246 _iTyt. oryg.:
_aAn introduction to computational physics
260 _aWarszawa :
_bWydaw. Naukowe PWN,
_c2001.
300 _a392, [2] s. :
_bil. ;
_c24 cm.
500 _aTyt. oryg.: "An introduction to computational physics" 1997.
504 _aBibliogr. - Indeks.
650 9 _aAnaliza numeryczna
_xstosowanie
_xfizyka
650 9 _aFizyka
_xmetody
_xkomputeryzacja
650 9 _aMetoda Monte Carlo
_xstosowanie
_xfizyka
655 _aPodręczniki akademickie
020 _a8301135115
040 _cBPK
041 1 _apl
_hen
080 _a53:519.61/.64:519.2:004](075.8)
920 _a83-01-13511-5
942 _cKS
008 s pl f |000 0 pol
999 _c41101
_d41101
856 _uhttp://koha.tu.koszalin.pl/cgi-bin/koha/opac-detail.pl?biblionumber=41101
_yKatalog online BPK